Hai vợ : Tiểu thuyết
Gespeichert in:
| 1. Verfasser: | |
|---|---|
| Format: | Buch |
| Sprache: | Undetermined |
| Veröffentlicht: |
Thành phố Hồ Chí Minh
Văn Hóa Sài Gòn
2006
|
| Schlagworte: | |
| Tags: |
Tag hinzufügen
Keine Tags, Fügen Sie den ersten Tag hinzu!
|
| Thư viện lưu trữ: | Trung tâm Học liệu Trường Đại học Cần Thơ |
|---|
| LEADER | 00602nam a2200217Ia 4500 | ||
|---|---|---|---|
| 001 | CTU_123564 | ||
| 008 | 210402s9999 xx 000 0 und d | ||
| 020 | |c 17000 | ||
| 082 | |a 895.922334 | ||
| 082 | |b Ch107 | ||
| 100 | |a Hồ, Biểu Chánh | ||
| 245 | 0 | |a Hai vợ : | |
| 245 | 0 | |b Tiểu thuyết | |
| 245 | 0 | |c Hồ Biểu Chánh | |
| 260 | |a Thành phố Hồ Chí Minh | ||
| 260 | |b Văn Hóa Sài Gòn | ||
| 260 | |c 2006 | ||
| 650 | |a Vietnamese fiction | ||
| 650 | |y 20th century | ||
| 904 | |i Nguyên | ||
| 980 | |a Trung tâm Học liệu Trường Đại học Cần Thơ | ||